Dimenzie energetickej bezpečnosti

Energetická bezpečnosť vyjadruje stav, v ktorom za pomoci vybraných trhových alebo politických nástrojov dochádza k minimalizácii dôsledkov vzniku a prejavu vnútorných alebo vonkajších hrozieb politického, ekonomického, technologického, spoločenského alebo environmentálneho charakteru, ktoré narušuj...

Ausführliche Beschreibung

Gespeichert in:
Bibliographische Detailangaben
1. Verfasser: Bocora, Ján
Format: Buchkapitel
Sprache:Slowakisch
Schlagworte:
Tags: Tag hinzufügen
Keine Tags, Fügen Sie das erste Tag hinzu!

MARC

LEADER 00000nla a2200000 4500
001 0166659
005 20240502072913.2
041 0 |a slo 
044 |a SK 
245 1 0 |a Dimenzie energetickej bezpečnosti  |c Ján Bocora 
520 |a Energetická bezpečnosť vyjadruje stav, v ktorom za pomoci vybraných trhových alebo politických nástrojov dochádza k minimalizácii dôsledkov vzniku a prejavu vnútorných alebo vonkajších hrozieb politického, ekonomického, technologického, spoločenského alebo environmentálneho charakteru, ktoré narušujú dlhodobé stabilné fungovanie systému. Energia je a bude aj naďalej určujúcim prvkom geopolitického a bezpečnostného vývoja, ekonomického rastu a spoločenského rozvoja vo svete. Šesť hlavných aspektov energetickej bezpečnosti, 
610 2 0 |a bezpečnosť energetická 
610 2 0 |a energia 
610 2 0 |a zdroje energetické 
610 2 0 |a politika energetická 
610 2 0 |a rozvoj hospodársky 
610 2 0 |a rozvoj trvalo udržateľný 
100 1 |a Bocora, Ján